Normal view
MARC view
- الاسلام-اوروبا
Entry Topical Term
001 - CONTROL NUMBER
- control field: 39824
003 - CONTROL NUMBER IDENTIFIER
- control field: JO-AjAnu
005 - DATE AND TIME OF LATEST TRANSACTION
- control field: 20230606080623.0
008 - FIXED-LENGTH DATA ELEMENTS
- fixed length control field: 230606|| aca||aabn | a|a d
040 ## - CATALOGING SOURCE
- Original cataloging agency: JO-AjAnu
- Transcribing agency: JO-AjAnu
150 ## - HEADING--TOPICAL TERM
- Topical term or geographic name entry element: الاسلام-اوروبا
670 ## - SOURCE DATA FOUND
- Source citation: Work cat.: (JO-AjAnu)20419: وات، وليام مونتجومري؛ ترجمة حافظ، الطاهر عبد السلام, author 39823, أثر الإسلام في أوروبا القرون الوسطى